00671nam a2200169 a 450000100100000000500170001000800410002704000250006808200160009310000420010924500670015126000680021830000280028604900090031495201610032399900170048400003148920200930062951.0110627s1937 dr a 000 0 spa d aDO-SdBNPbspacBNPHU axxxxbR427r1 aRequena, Andrés Fco.,d1922-95787510aRomancero heroico del generalísimo /cAndrés Fco. Requena. aCuidad Trujillo, República Dominicana :bLa opinión,c1937. a140 p. :bil. ;c19 cm. aBNPD 001050718RVaPDbPDcCTd2011-06-27iLF1l0oxxxx R427rp31489-10r2020-06-25w2020-06-25y1zPerteneció a la colección Martínez BoogZNo se presta c30981d30981